Campo de Montiel: La Mancha

Gardado en:
Detalles Bibliográficos
Formato: Libro
Idioma:Lingua castelá
Publicado: Barcelona INPROTUR 1987
Series:Guías raras y completas y habitantes de España
Subjects:
Tags: Engadir etiqueta
Sen Etiquetas, Sexa o primeiro en etiquetar este rexistro!

MARC

LEADER 00000nam a2200000 a 4500
001 UCN3354
003 CL-VaPUC
008 010622e19870000SP |||||||||||||||||spa|d
082 0 4 |a 700.9464  |b CAM  |2 21 
245 1 0 |a Campo de Montiel: La Mancha 
300 |a 221 p 
942 |c BK 
945 |d 20010622 00:00:00  |a cmena 
260 |a Barcelona  |b INPROTUR  |c 1987 
650 0 |a Arte español  |9 341293 
650 0 |a Ciudades  |9 265474 
650 0 |a Cultura y tradiciones  |9 443055 
650 0 |a Antropología cultural y social   |9 265143 
651 7 |a LA MANCHA  |2 CL-VaPUC  |9 459883 
651 0 |a España  |9 254926 
583 |a last modification  |c 20180403 03:16:44  |k Rodrigo Vera 
490 0 |a Guías raras y completas y habitantes de España 
999 |c 296269  |d 296267 
952 |0 0  |1 0  |4 0  |6 700_946400000000000_CAM_1987  |7 0  |8 A  |9 349923  |a BIBART  |b BIBART  |d 2019-11-20  |i 3731294  |l 1  |o 700.9464 CAM 1987  |p 3731294  |r 2025-03-13  |s 2022-11-15  |w 2019-11-20  |y BK  |k ART